Football - Tous les clubs de Kazuyoshi Miura - Statistiques

Statistiques générales
  • Ce quiz a été pris 5 fois
  • Le résultat moyen est 4 sur 15
Statistiques - réponses
Période Clubs % Correct
1986-1990 Santos FC
60%
1998-1999 Dinamo Zagreb
40%
*1994-1995 Genoa CFC
40%
*2023- UD Oliveirense
40%
2001-2005 Vissel Kobe
40%
2005- Yokohama FC
40%
*1988-1990 Coritiba FC
20%
*1987 CR Brasil
20%
*1987-1988 Esporte Club XV de Novembro
20%
1999-2001 Kyoto Sanga
20%
*1986-1987 SE Matsubara
20%
*1986 SE Palmeiras
20%
*2022-2023 Suzuka PG
20%
*2005 Sydney FC
20%
1990-1998 Tokyo Verdy
20%
Aucun quiz correspondant
Distribution des résultats
% des personnes avec chaque résultat
Percentile par nombre de réponses
Votre historique - résultats
Vous n’avez pas pris ce quiz